000 00749nam a2200205 i 4500
001 55737
003 ES-MaACL
005 20250901062528.0
007 t|
008 030925s1961 an ||||1| spa d
100 1 _aDevidour, Victor Henry.
_944005
245 1 0 _aBreve historia de la cultura cristiana /
_cVictor Henry Devidour ; [versión española de Tomás G. Larraya].
260 _aAndorra :
_bCasal i Vall,
_c[1961]
300 _a151 p. ;
_c18 cm.
490 1 _aLa Yo sé, yo creo : enciclopedia del católico en el siglo XX
700 1 _aGutiérrez Larraya, Tomás.
_9149706
830 0 0 _aYo sé, yo creo: enciclopedia del católico del siglo XX
_9186579
852 _aES-MaACL
_jC-22607
_bR.50114
999 _c55737
_d55737